Statistiche per I paesi più visitati dai canadesi

Clicka qui per fare il quiz!

Statistiche generali

  • Questo quiz è stato fatto 38 volte
  • Il punteggio medio è 8 su 10

Statistiche sulle risposte

VisitatoriPaesi% Corretto
20,702,000Stati Uniti
100%
1,140,000Francia
100%
574,000Germania
100%
1,926,000Messico
97%
469,000Italia
97%
399,000Spagna
97%
1,192,000Regno Unito
94%
723,000Cina
80%
800,000Cuba
51%
487,000Repubblica Dominicana
20%

Distribuzione punteggi

Percentile per numero di risposta

Percentuale di utenti per punteggio

I tuoi punteggi nel tempo

Non hai fatto questo quiz